000 00565cam a22002053a 4500
001 40305
003 PGUSA
005 20140828083912.0
008 120723s2012||||xxu|||||s|||||000 | eng d
040 _aPGUSA
_beng
042 _adc
100 1 _aFox, Frank,
_d1874-1960
245 1 0 _aProblems of the Pacific
_h[electronic resource] /
_cFrank Fox
260 _bProject Gutenberg,
_c2012
506 _aPublic domain in the USA.
516 _aElectronic text
830 0 _aProject Gutenberg
_v40305
856 4 0 _uhttp://www.gutenberg.org/ebooks/40305
942 _cEB
999 _c269558
_d269558